Detalles MARC
| 000 -LEADER |
| fixed length control field |
02574nam a2200457Ii 4500 |
| 001 - CONTROL NUMBER |
| control field |
DIGVERBUM0139 |
| 003 - CONTROL NUMBER IDENTIFIER |
| control field |
NyNyDIG |
| 006 - FIXED-LENGTH DATA ELEMENTS--ADDITIONAL MATERIAL CHARACTERISTICS |
| fixed length control field |
m o d |
| 007 - PHYSICAL DESCRIPTION FIXED FIELD--GENERAL INFORMATION |
| fixed length control field |
cr ||||||||||| |
| 008 - FIXED-LENGTH DATA ELEMENTS--GENERAL INFORMATION |
| fixed length control field |
150303t20092009sp ob 000 0 spa d |
| 035 ## - SYSTEM CONTROL NUMBER |
| System control number |
(OCoLC)908273634 |
| 040 ## - CATALOGING SOURCE |
| Original cataloging agency |
DGITA |
| Language of cataloging |
eng |
| Description conventions |
rda |
| -- |
pn |
| Transcribing agency |
DGITA |
| 020 ## - INTERNATIONAL STANDARD BOOK NUMBER |
| Canceled/invalid ISBN |
9788479624675 |
| 020 ## - INTERNATIONAL STANDARD BOOK NUMBER |
| Canceled/invalid ISBN |
8479624671 |
| 043 ## - GEOGRAPHIC AREA CODE |
| Geographic area code |
e-sp--- |
| 050 14 - LIBRARY OF CONGRESS CALL NUMBER |
| Classification number |
PQ6046.O98 eBook |
| 100 1# - MAIN ENTRY--PERSONAL NAME |
| Personal name |
Cardinale, Rosa, |
| Relator term |
author. |
| 245 13 - TITLE STATEMENT |
| Title |
El bandolero español entre la leyenda y la vida real : |
| Remainder of title |
calas en configuraciones del bandolero en textos paradigmáticos de los siglos XVII-XX / |
| Statement of responsibility, etc. |
Rosa Cardinale prólogo, Antonio Cruz Casado. |
| 264 #1 - PRODUCTION, PUBLICATION, DISTRIBUTION, MANUFACTURE, AND COPYRIGHT NOTICE |
| Place of production, publication, distribution, manufacture |
Madrid : |
| Name of producer, publisher, distributor, manufacturer |
Editorial Verbum, |
| Date of production, publication, distribution, manufacture, or copyright notice |
[2009]. |
| 264 #4 - PRODUCTION, PUBLICATION, DISTRIBUTION, MANUFACTURE, AND COPYRIGHT NOTICE |
| Date of production, publication, distribution, manufacture, or copyright notice |
©2009 |
| 300 ## - PHYSICAL DESCRIPTION |
| Extent |
1 online resource (258 pages) : |
| Other physical details |
illustrations |
| 336 ## - CONTENT TYPE |
| Content type term |
text |
| Content type code |
txt |
| Source |
rdacontent |
| 337 ## - MEDIA TYPE |
| Media type term |
computer |
| Media type code |
c |
| Source |
rdamedia |
| 338 ## - CARRIER TYPE |
| Carrier type term |
online resource |
| Carrier type code |
cr |
| Source |
rdacarrier |
| 490 1# - SERIES STATEMENT |
| Series statement |
Verbum ensayo |
| 504 ## - BIBLIOGRAPHY, ETC. NOTE |
| Bibliography, etc. note |
Includes bibliographical references (pages 235-243) |
| 505 0# - FORMATTED CONTENTS NOTE |
| Formatted contents note |
Prólogo: Estudios sobre bandolerismo y literatura -- Dedicatoria y agradecimientos -- A modo de introducción -- Introducción al tema del bandolerismo -- Teoría del personaje -- El bandido: un personaje menor -- La imagen del bandolero en la literatura española -- Antonio Roca o la muerte más venturosa -- El catalán Serrallonga, y bandos de Barcelona -- Las memorias de Juan Caballero -- José María -- Roque Guinart -- Juan Martín el Empecinado -- Diego Corrientes, de Federico García Lorca -- Luis Candelas. El bandido de Madrid -- Candelas. Crónicas de un bandido -- Análisis comparativo -- Conclusiones finales -- Bibliografía -- Curro Jiménez - un ejemplo cinematográfico -- Entrevista con Fernando Martínez Laínez. |
| 588 0# - SOURCE OF DESCRIPTION NOTE |
| Source of description note |
Online resource; title from ePub and PDF title page (Digitalia, viewed March 20, 2015) |
| 650 #0 - SUBJECT ADDED ENTRY--TOPICAL TERM |
| Topical term or geographic name entry element |
Spanish literature |
| General subdivision |
History and criticism. |
| 650 #0 - SUBJECT ADDED ENTRY--TOPICAL TERM |
| Topical term or geographic name entry element |
Outlaws in literature. |
| 650 #0 - SUBJECT ADDED ENTRY--TOPICAL TERM |
| Topical term or geographic name entry element |
Brigands and robbers in literature. |
| 655 #0 - INDEX TERM--GENRE/FORM |
| Genre/form data or focus term |
Electronic books. |
| 700 1# - ADDED ENTRY--PERSONAL NAME |
| Personal name |
Cruz Casado, Antonio, |
| Relator term |
author of prologue. |
| 791 2# - |
| -- |
Digitalia (Firm), |
| -- |
distributor. |
| 793 0# - |
| -- |
Digitalia eBook Collection: |
| -- |
Verbum |
| 776 08 - ADDITIONAL PHYSICAL FORM ENTRY |
| Relationship information |
Print version: |
| Main entry heading |
Cardinale, Rosa. |
| Title |
Bandolero español entre la leyenda y la vida real. |
| Place, publisher, and date of publication |
Madrid : Editorial Verbum, [2009] |
| International Standard Book Number |
9788479624675 |
| Record control number |
(OCoLC)603044103 |
| 830 #0 - SERIES ADDED ENTRY--UNIFORM TITLE |
| Uniform title |
Ensayo (Editorial Verbum) |
| 856 40 - ELECTRONIC LOCATION AND ACCESS |
| Materials specified |
Digitalia Hispánica |
| Uniform Resource Identifier |
<a href="https://www.digitaliapublishing.com/a/33402/">https://www.digitaliapublishing.com/a/33402/</a> |
| 910 ## - USER-OPTION DATA (OCLC) |
| User-option data |
Premium Collection: 2015 |
| 942 ## - ADDED ENTRY ELEMENTS (KOHA) |
| Koha item type |
Recurso Electrónico |